Highest Rated Albums of 2024 (AOTY) - Statistics

General Stats
  • This quiz has been taken 11 times
  • The average score is 12 of 50
Answer Stats
# Artist Answer Genres % Correct
10 Charli xcx BRAT Electropop, Electronic Dance Music
100%
18 Tyler, The Creator CHROMAKOPIA West Coast Hip Hop
100%
42 Kendrick Lamar GNX West Coast Hip Hop
91%
1 Magdalena Bay Imaginal Disk Neo-Psychedelia, Synthpop
82%
29 Billie Eilish HIT ME HARD AND SOFT Alt-Pop
64%
5 JPEGMAFIA I LAY DOWN MY LIFE FOR YOU Experimental Hip Hop, Hardcore Hip Hop
64%
27 Lupe Fiasco Samurai Jazz Rap, Abstract Hip Hop
64%
2 Geordie Greep The New Sound Jazz-Rock, Progressive Rock, Art Rock
64%
4 Godspeed You! Black Emperor NO TITLE AS OF 13 FEBRUARY 2024 28,340 DEAD Post-Rock
55%
36 Vince Staples Dark Times Conscious Hip Hop, West Coast Hip Hop
45%
6 Cameron Winter Heavy Metal Singer-Songwriter, Contemporary Folk
45%
13 Quadeca SCRAPYARD Art Pop, Experimental Hip Hop
45%
14 The Cure Songs of a Lost World Gothic Rock, Alternative Rock
45%
44 Porter Robinson SMILE! :D Indietronica, Electropop
36%
37 Clairo Charm Soft Rock, Sophisti-Pop
27%
16 Mount Eerie Night Palace Slacker Rock, Avant-Folk, Post-Rock
27%
25 Knocked Loose You Won't Go Before You're Supposed To Metalcore
27%
32 Chat Pile Cool World Sludge Metal, Noise Rock
18%
3 Robin Callaway i saw an angel in the mirror Shoegaze, Noise Rock
18%
8 Vylet Pony Monarch of Monsters Noise Rock, Progressive Rock, Alternative Rock
18%
28 Vampire Weekend Only God Was Above Us Indie Rock, Chamber Pop
18%
11 This Is The Glasshouse 867 Art Rock, Post-Rock, Indie Rock
9%
12 samlrc A Lonely Sinner Post-Rock
9%
39 Gao the Arsonist AND THEY MINE FOR OUR BODIES Experimental Hip Hop, Industrial Hip Hop
9%
17 Adrianne Lenker Bright Future Contemporary Folk, Singer-Songwriter
9%
31 Clarion Clarion Shoegaze
9%
47 Jamie Paige Constant Companions Indietronica, Electropop
9%
46 Nala Sinephro Endlessness Jazz Fusion, Space Ambient
9%
20 Kamasi Washington Fearless Movement Spiritual Jazz, Jazz Fusion
9%
9 Lucy Bedroque Fete de la Vanille Digicore, Indietronica, Art Pop
9%
26 Beth Gibbons Lives Outgrown Chamber Folk, Singer-Songwriter
9%
30 Father John Misty Mahashmashana Singer-Songwriter
9%
41 Jack White No Name Garage Rock Revival, Hard Rock
9%
49 Mach-Hommy #RICHAXXHAITIAN Abstract Hip Hop, East Coast Hip Hop
9%
35 Parannoul Sky Hundred Noise Pop, Shoegaze
9%
48 The Marías Submarine Bedroom Pop, Indie Pop
9%
19 spiral staircase the perfect child Noise Rock, Post-Metal
9%
34 Ka The Thief Next to Jesus Abstract Hip Hop, East Coast Hip Hop, Drumless
9%
40 Various Artists TRA​​​И​​​Ƨ​​​A Ambient, Contemporary Folk
9%
21 Blood Incantation Absolute Elsewhere Progressive Death Metal
0%
43 Prostitute Attempted Martyr Noise Rock, Post-Hardcore
0%
38 Liniker CAJU Contemporary R&B, Neo-Soul, Progressive Soul
0%
22 Maruja Connla's Well Post-Rock, Post-Punk
0%
15 Cindy Lee Diamond Jubilee Hypnagogic Pop, Psychedelic Pop
0%
23 weed420 malandreo conceptual Reggaetón, Epic Collage, Latin Electronic
0%
7 VCR Slim Maria Esmeralda Abstract Hip Hop
0%
45 Laura Marling Patterns in Repeat Singer-Songwriter, Chamber Folk
0%
50 Dillom Por cesárea Abstract Hip Hop, Experimental Hip Hop
0%
24 Tanger Prefer not to say Electronic Dance Music
0%
33 Angine de Poitrine Vol. 1 Psychedelic Rock, Math Rock, Jam Band
0%
No matching quizzes found
Score Distribution
Percent of People with Each Score
Percentile by Number Answered
Your Score History
You have not taken this quiz